1273 1517 1304 1810 1711 1829 1060 1447 1714 1430 1670 1829 1681 1373 1664 1406 1903 1868 1589 1629 1475 1853 1025 1972 1306 1145 1786 1025 1489 1208 1498 1090 1538 1607 1635 1425 1693 1644 1578 1459 1016 1862 1579 1268 1284 1221 1091 1182 1270 1756 1025 1014 1459 1438 1274 1922 1502 1093 1671 1149 1839 1738 1684 1560 1710 1859 1496 1455 1532 1992 1791 1097 1698 1374 1553 1323 1895 1322 1981 1532 1197 1426 1265 1648 1775 1604 1553 1858 1892 1619 1755 1837 1001 1228 1040 1673 1152 1931 1981 BCNSPRNW ULIB Ver.6.0+V

เปลี่ยนเป็นภาษาไทย

Change to English
 แสดงรายละเอียดบรรณานุกรม
  กลับหน้าหลัก

Brief Record : Get Marc (ISO 2709) : E-mail record : QR code < ปิดหน้าต่าง
LEADER : 00000nam 2200000uu 4500
001    13399120038
003     ULIB
008    120822s2554||||th 000 0 tha d
020    ^a9786162230882
060  4 ^aWM100^bน645จ
100 0  ^aนิรมล พัจนสุนทร,^eบรรณาธิการ
245 00 ^aจิตเวชศาสตร์ทั่วไป =^bGeneral psychiatry /^cบรรณาธิการ, นิรมล พัจนสุนทร ... [และคนอื่น ๆ]
246 31 ^aGeneral psychiatry
250    ^aพิมพ์ครั้งที่ 3
260    ^aขอนแก่น :^bภาควิชาจิตเวชศาสตร์ คณะแพทยศาสตร์ มหาวิทยาลัยขอนแก่น,^c2554
300    ^a190 หน้า :^bภาพประกอบ ;^c26 ซม.
650  7 ^aจิตเวชศาสตร์
650  7 ^aจิตผิดปกติ
650  7 ^aโรคจิต
700 0  ^aกนิดา ทัศนิยม,^eบรรณาธิการ
700 0  ^aอัจฉรา รวมเจริญเกียรติ,^eบรรณาธิการ
700 0  ^aกุศลาภรณ์ วงศ์นิยม,^eบรรณาธิการ
710 2  ^aมหาวิทยาลัยขอนแก่น. ^bคณะแพทยศาสตร์.^bภาควิชาจิตเวชศาสตร์
945    ^p250^l0^i032542
945    ^p250^l0^i032543
945    ^p250^l0^i032544
945    ^p250^l0^i032545
945    ^p250^l0^i032546
995    ^aเกษร
999 ^a ใช้งานได้ทุกระบบ
รายการนี้ยังไม่มีแท็ก
คุณยังไม่ได้ล็อกอิน คุณสามารถมีกิจกรรมร่วมกับเว็บไซต์ได้ แต่ต้องล็อกอินก่อน ::
  ล็อกอิน

รายการสื่อสารสนเทศ

ลำดับที่ ประเภท เลขเรียก/บาร์โค้ด สถานที่ สถานะ
1. วิทยาศาสตร์การแพทย์ และสุขภาพ
หนังสือสำรอง
สถานะ=หนังสือสำรอง
WM100 น645จ ฉ.1 
  Barcode: 032542
ห้องสมุดวิทยาเขตสวรรค์ประชารักษ์
►ส่วนจัดเก็บหนังสือเก่า สปร
บนชั้น
  ขอยืม
2. วิทยาศาสตร์การแพทย์ และสุขภาพ
วิทยาศาสตร์การแพทย์ และสุขภาพ
WM100 น645จ ฉ.2 
  Barcode: 032543
ห้องสมุดวิทยาเขตสวรรค์ประชารักษ์
►ส่วนจัดเก็บหนังสือเก่า สปร
บนชั้น
  ขอยืม
3. วิทยาศาสตร์การแพทย์ และสุขภาพ
วิทยาศาสตร์การแพทย์ และสุขภาพ
WM100 น645จ ฉ.3 
  Barcode: 032544
ห้องสมุดวิทยาเขตสวรรค์ประชารักษ์
►ส่วนจัดเก็บหนังสือเก่า สปร
บนชั้น
  ขอยืม
4. วิทยาศาสตร์การแพทย์ และสุขภาพ
วิทยาศาสตร์การแพทย์ และสุขภาพ
WM100 น645จ ฉ.4 
  Barcode: 032545
ห้องสมุดวิทยาเขตสวรรค์ประชารักษ์
►ส่วนจัดเก็บหนังสือเก่า สปร
บนชั้น
  ขอยืม
5. วิทยาศาสตร์การแพทย์ และสุขภาพ
วิทยาศาสตร์การแพทย์ และสุขภาพ
WM100 น645จ ฉ.5 
  Barcode: 032546
ห้องสมุดวิทยาเขตสวรรค์ประชารักษ์
►ส่วนจัดเก็บหนังสือเก่า สปร
บนชั้น
  ขอยืม

รายการใกล้เคียง
    หัวเรื่อง [จิตเวชศาสตร์]
    หัวเรื่อง [จิตผิดปกติ]
    หัวเรื่อง [โรคจิต]

BibComment


ยังไม่เคยถูกคอมเมนท์

คอมเมนท์ทรัพยากรรายการนี้
  คอมเมนท์: จิตเวชศาสตร์ทั่ว..


 Copyright 2026. Bcnsprnw @Library